| 000 | 00509nam a2200193Ia 4500 | ||
|---|---|---|---|
| 003 | GCL | ||
| 008 | 140319s9999 xx 000 0 eng d | ||
| 040 |
_aGCL / _cGCL |
||
| 082 | 0 | 4 |
_a741.2 _bC C |
| 100 | 1 | _aCHANCELLOR, PRESS | |
| 245 | 1 | 0 |
_aTHE COMPLETE STEP-BY-STEP DRAWING / _cCHANCELLOR, PRESS |
| 260 |
_a[S.N] : _bCHANCELLOR PRESS ، _c1993 |
||
| 300 | _a120 | ||
| 650 | 0 | 4 | _aDRAWING |
| 650 | 0 | 4 | _aDRAWING HUMAN FIGURES |
| 650 | 0 | 4 | _aDRAWING TECHNIQUE |
| 650 | 0 | 4 | _aDRAWING ANIMAL |
| 942 |
_2ddc _cBK |
||
| 999 |
_c24142 _d24142 |
||